[Event "Catalunya-chT Gp1"]
[Site "Barcelona"]
[Date "2024.02.03"]
[Round "3.7"]
[White "Montes Molina, Ivan"]
[Black "Terry Cuellar, Luis Antonio"]
[Result "1-0"]
[WhiteElo "2070"]
[BlackElo "2094"]
[PlyCount "79"]
[EventDate "2024.01.20"]
[EventType "team-tourn"]
[EventRounds "7"]
[EventCountry "ESP"]
[SourceTitle "CB11_2024"]
[SourceDate "2024.03.13"]
[SourceVersion "1"]
[SourceVersionDate "2024.03.13"]
[SourceQuality "1"]
[WhiteTeam "Terrassa"]
[BlackTeam "Olot"]
[WhiteTeamCountry "ESP"]
[BlackTeamCountry "ESP"]

1. e4 d6 2. d4 Nf6 3. Nc3 e5 4. Nf3 exd4 5. Nxd4 Be7 6. g3 c6 7. Bg2 0-0 8. 0-0 Re8 9. Re1 Qc7 10. h3 a5 11. a4 Na6 12. Bf4 Nd7 13. Nf5 Ne5 14. Nxe7+ Qxe7 15. b3 Be6 16. Qd2 Rad8 17. Rad1 Bxh3 18. Be3 Bg4 19. Rc1 Nf3+ 20. Bxf3 Bxf3 21. Bb6 Qe5 22. Bxd8 Rxd8 23. Qf4 Qxc3 24. Re3 Qc5 25. Rxf3 Rf8 26. Rd1 d5 27. exd5 cxd5 28. Qe5 Qxc2 29. Qxd5 h6 30. Re1 Qc7 31. Rf5 b6 32. Rfe5 Nc5 33. Re7 Qc8 34. Qc4 Qf5 35. R1e3 Ne6 36. Qc6 h5 37. Qc3 h4 38. R3xe6 hxg3 39. Qxg3 Qb1+ 40. Re1 1-0

[Event "Barbera del Valles op 45th"]
[Site "Barbera del Valles"]
[Date "2023.07.09"]
[Round "6"]
[White "Suvradeepta, Das"]
[Black "Montes Molina, Ivan"]
[Result "0-1"]
[WhiteElo "2110"]
[BlackElo "1885"]
[PlyCount "96"]
[EventDate "2023.07.04"]
[EventType "swiss"]
[EventRounds "9"]
[EventCountry "ESP"]
[SourceTitle "CBM 215 Extra"]
[Source "ChessBase"]
[SourceDate "2023.09.30"]
[SourceVersion "1"]
[SourceVersionDate "2023.09.30"]
[SourceQuality "1"]

1. d4 Nf6 2. c4 g6 3. f3 Bg7 4. e4 d6 5. Ne2 0-0 6. Ng3 e5 7. d5 Na6 8. Nc3 c6 9. Be3 cxd5 10. exd5 Nc7 11. Bd3 b5 12. b4 Bd7 13. 0-0 Nfe8 14. Qd2 f5 15. Nge2 f4 16. Bf2 g5 17. Nc1 g4 18. Be2 h5 19. Nb3 Qf6 20. Kh1 Bh6 21. Rfc1 h4 22. Bg1 Kh8 23. Qd1 Qg6 24. fxg4 Nf6 25. h3 f3 26. gxf3 Bxc1 27. Rxc1 Nh7 28. Qe1 Qh6 29. Bd1 Rf7 30. Be3 Ng5 31. Nb1 Ne8 32. Qd2 Rg7 33. Na5 Qf6 34. Qg2 Rf7 35. Nd2 a6 36. Nab3 Ng7 37. Be2 Rc8 38. Kh2 Rg8 39. a3 Nh5 40. gxh5 Nxh3 41. Qh1 Nf4 42. Bf1 Rfg7 43. cxb5 axb5 44. Rc7 h3 45. Bxh3 Qh4 46. Qf1 Rg2+ 47. Qxg2 Rxg2+ 48. Kh1 Qxh3# 0-1

[Event "Barbera del Valles op 45th"]
[Site "Barbera del Valles"]
[Date "2023.07.05"]
[Round "2"]
[White "Jove Albaiges, Guillem"]
[Black "Montes Molina, Ivan"]
[Result "0-1"]
[WhiteElo "2067"]
[BlackElo "1885"]
[PlyCount "128"]
[EventDate "2023.07.04"]
[EventType "swiss"]
[EventRounds "9"]
[EventCountry "ESP"]
[SourceTitle "CBM 215 Extra"]
[Source "ChessBase"]
[SourceDate "2023.09.30"]
[SourceVersion "1"]
[SourceVersionDate "2023.09.30"]
[SourceQuality "1"]

1. d4 Nf6 2. c4 g6 3. Nc3 Bg7 4. e4 d6 5. Be2 0-0 6. Bg5 c5 7. d5 e6 8. Qd2 exd5 9. exd5 a6 10. a4 Qe8 11. Nf3 Ne4 12. Nxe4 Qxe4 13. 0-0 Nd7 14. Bd3 Qg4 15. Be7 Ne5 16. Nxe5 Bxe5 17. Bxf8 Kxf8 18. Qh6+ Kg8 19. Rfe1 f5 20. h3 Qd4 21. Rad1 Qxb2 22. Qh4 Bf6 23. Qf4 Be5 24. Qg5 Bf6 25. Re8+ Kf7 26. Qe3 Be5 27. Rd8 f4 28. Qe1 Qb6 29. Rxc8 Rxc8 30. Rb1 Qc7 31. a5 Qe7 32. Qd1 Rc7 33. Be2 Kg7 34. Bg4 Bc3 35. Qa4 Qe5 36. Be6 Bd4 37. Rf1 Re7 38. Qb3 h5 39. Bc8 Rf7 40. Be6 Re7 41. Qb6 Kh6 42. Qd8 Rg7 43. Qh8+ Kg5 44. Qd8+ Kh6 45. Qf8 Kh7 46. Kh1 Bxf2 47. Rb1 Bd4 48. Bc8 Qe4 49. Rf1 Be5 50. Rc1 Qe3 51. Rf1 Qe2 52. Rc1 Qf2 53. Rb1 Qc2 54. Re1 Qxc4 55. Rxe5 dxe5 56. d6 Qf1+ 57. Kh2 f3 58. Qxf3 Qxf3 59. gxf3 c4 60. d7 Rg8 61. Bxb7 c3 62. Be4 Rd8 63. Kg3 Rxd7 64. Kf2 c2 0-1

[Event "Llinars del Valles op"]
[Site "Llinars del Valles"]
[Date "2022.06.25"]
[Round "1"]
[White "Montes Molina, Ivan"]
[Black "Luna Cortes, Luis"]
[Result "0-1"]
[WhiteElo "1688"]
[BlackElo "2215"]
[PlyCount "74"]
[EventDate "2022.06.25"]
[EventType "swiss"]
[EventRounds "9"]
[EventCountry "ESP"]
[SourceTitle "CBM 209 Extra"]
[Source "ChessBase"]
[SourceDate "2022.09.30"]
[SourceVersion "1"]
[SourceVersionDate "2022.09.30"]
[SourceQuality "1"]

1. e4 c5 2. d4 cxd4 3. c3 d3 4. Bxd3 Nc6 5. c4 g6 6. Nc3 Bg7 7. Nf3 d6 8. h3 Nf6 9. 0-0 0-0 10. a3 Be6 11. Bd2 Na5 12. Nd5 Re8 13. Rc1 Nd7 14. b4 Nc6 15. Qe2 a5 16. b5 Nd4 17. Nxd4 Bxd4 18. Be3 Bg7 19. a4 Rc8 20. f4 Nc5 21. Bxc5 Rxc5 22. Qf3 Qc8 23. g4 Bd4+ 24. Kh1 Bxd5 25. exd5 e6 26. f5 exf5 27. Rce1 Rxe1 28. Rxe1 fxg4 29. hxg4 Qd8 30. Kg2 Rc8 31. Qh3 Qg5 32. Re4 Qd2+ 33. Re2 Qd1 34. Qf3 Rf8 35. Bc2 Qg1+ 36. Kh3 Be5 37. Rg2 Qh1+ 0-1

[Event "Llinars del Valles op 1st"]
[Site "Llinars del Valles"]
[Date "2021.06.28"]
[Round "4"]
[White "Ridao Gimeno, Oscar"]
[Black "Montes Molina, Ivan"]
[Result "0-1"]
[WhiteElo "1638"]
[BlackElo "1337"]
[PlyCount "118"]
[EventDate "2021.06.25"]
[EventType "swiss"]
[EventRounds "9"]
[EventCountry "ESP"]
[SourceTitle "CBM 203 Extra"]
[Source "ChessBase"]
[SourceDate "2021.09.30"]
[SourceVersion "1"]
[SourceVersionDate "2021.09.30"]
[SourceQuality "1"]

1. d4 Nf6 2. Nf3 g6 3. Nc3 Bg7 4. e4 d6 5. h3 0-0 6. Bc4 Nxe4 7. Bxf7+ Rxf7 8. Nxe4 h6 9. c3 Bf5 10. Ng3 e6 11. Nxf5 exf5 12. 0-0 Nd7 13. Re1 Nf6 14. Nd2 Qd7 15. Nf1 g5 16. Ng3 f4 17. Nh5 Raf8 18. Nxg7 Rxg7 19. f3 Rff7 20. Bd2 Nh5 21. Qb3 Ng3 22. Re6 h5 23. Rae1 d5 24. Re8+ Rf8 25. Rxf8+ Kxf8 26. Qb4+ Kg8 27. Qxb7 g4 28. Qb8+ Kh7 29. hxg4 hxg4 30. Re8 gxf3 31. Rh8+ Kg6 32. gxf3 Qe6 33. Qe8+ Qxe8 34. Rxe8 Ne4 35. fxe4 Kf7+ 36. Kf2 Kxe8 37. e5 Ke7 38. Bxf4 Ke6 39. Bg3 c6 40. Bh4 Rh7 41. Kg3 Rg7+ 42. Kf2 Rh7 43. Kg3 Rh5 44. b3 Rf5 45. Kg2 Rf4 46. Bg3 Rg4 47. Kf3 Kf5 48. e6 Re4 49. Be5 Kxe6 50. Kf2 a6 51. b4 Rh4 52. Kg2 Kf5 53. Bg3 Rg4 54. a4 Ke4 55. b5 cxb5 56. axb5 axb5 57. Kf2 Rxg3 58. Kxg3 Kd3 59. Kf4 Kxc3 0-1

[Event "Llinars del Valles op 1st"]
[Site "Llinars del Valles"]
[Date "2021.06.26"]
[Round "2"]
[White "Llonch Farres, Gerard"]
[Black "Montes Molina, Ivan"]
[Result "0-1"]
[WhiteElo "1572"]
[BlackElo "1337"]
[PlyCount "106"]
[EventDate "2021.06.25"]
[EventType "swiss"]
[EventRounds "9"]
[EventCountry "ESP"]
[SourceTitle "CBM 203 Extra"]
[Source "ChessBase"]
[SourceDate "2021.09.30"]
[SourceVersion "1"]
[SourceVersionDate "2021.09.30"]
[SourceQuality "1"]

1. e4 e6 2. d4 d5 3. Nc3 Bb4 4. e5 c5 5. Bd2 cxd4 6. Nb5 Bc5 7. b4 Be7 8. Qg4 g6 9. Nf3 Nc6 10. a3 h5 11. Qf4 Nh6 12. Bd3 a6 13. Nbxd4 Nxd4 14. Nxd4 Nf5 15. a4 g5 16. Nxe6 Bxe6 17. Qf3 Nd4 18. Qe3 Nf5 19. Qe2 Nh4 20. f3 g4 21. f4 Nf5 22. Qf2 Bh4 23. g3 Be7 24. Bc3 Rc8 25. Bd2 h4 26. 0-0-0 a5 27. b5 Bc5 28. Qg2 h3 29. Qf1 Ne3 30. Bxe3 Bxe3+ 31. Kb1 d4 32. Be4 Bd5 33. Qd3 Bxe4 34. Qxe4 Qe7 35. Rd3 Rc5 36. Re1 0-0 37. f5 Rxe5 38. Qxg4+ Kh7 39. Rf1 Qg5 40. Qxh3+ Kg8 41. g4 Rc8 42. Re1 Rec5 43. Re2 Qf4 44. Qg2 Rc4 45. Rb3 Rxa4 46. h4 Rc3 47. Re1 Rac4 48. Rb2 a4 49. Rf1 Qd6 50. Qxb7 a3 51. Ra2 Qb4+ 52. Ka1 Rxc2 53. Qa8+ Kh7 0-1

[Event "Catalunya-ch U18/20"]
[Site "Salou"]
[Date "2021.03.30"]
[Round "6"]
[White "Lambert Pont, James"]
[Black "Montes Molina, Ivan"]
[Result "1-0"]
[WhiteElo "1585"]
[BlackElo "1355"]
[PlyCount "67"]
[EventDate "2021.03.27"]
[EventType "swiss"]
[EventRounds "9"]
[EventCountry "ESP"]
[SourceTitle "CBM 202 Extra"]
[Source "ChessBase"]
[SourceDate "2021.07.31"]
[SourceVersion "1"]
[SourceVersionDate "2021.07.31"]
[SourceQuality "1"]

1. d4 Nf6 2. Bf4 d5 3. e3 Bf5 4. Nf3 c5 5. c4 Nc6 6. Nc3 e6 7. Be2 Ne4 8. Qb3 Nxc3 9. bxc3 Qb6 10. Qxb6 axb6 11. Bc7 Kd7 12. Bxb6 cxd4 13. exd4 Ba3 14. 0-0 Bb2 15. Rad1 Bxc3 16. cxd5 exd5 17. Bb5 f6 18. a4 Bb2 19. h3 Bc2 20. Rd2 Bxa4 21. Rxb2 Bxb5 22. Rxb5 Ne7 23. Bc5 Kc6 24. Rb6+ Kc7 25. Rfb1 Ng6 26. Rxb7+ Kc8 27. Rxg7 Nf4 28. Rbb7 Ra1+ 29. Kh2 Ne6 30. Rxh7 Rg8 31. Ra7 Rxa7 32. Rxa7 Kb8 33. Re7 Nf4 34. Bd6+ 1-0